| 000 | 00781nam a22002417a 4500 | ||
|---|---|---|---|
| 999 |
_c522 _d522 |
||
| 003 | AR-CdUCM | ||
| 008 | 190223b ||||| |||| 00| 0 spa d | ||
| 040 |
_aMUNICIPALIDAD PROVINCIAL DEL CUSCO _cBIBLIOTECA MUNICIPAL DEL CUSCO |
||
| 082 |
_a869.901 / _bB85 |
||
| 100 |
_aDe Almeida, Guilermo _92037 |
||
| 245 |
_a9 poetas del Brasil : _bUna antología de Enrique Bustamante y Ballivian / |
||
| 260 |
_aLima : _bCentro de estudios brasileños, _c1978. |
||
| 300 |
_a109 paginas ; _c20 cm. |
||
| 505 | _aPoetas | ||
| 650 |
_aPoesía brasileña _92038 |
||
| 650 |
_aSiglo XX. _98 |
||
| 650 |
_aColecciones _9607 |
||
| 700 |
_aDe Andrade, Mario _92039 |
||
| 700 |
_aBanbeira, Manuel _92040 |
||
| 700 |
_aDe Carvalho, Ronald _92041 |
||
| 942 |
_2ddc _cLIBROS |
||
| 945 |
_aacv _d2019-02-23 |
||